000 00651nam a2200253 a 4500
001 nice12345678
003 IN_TiNIC
005 20260116011437.0
008 050524s1900 lona grp 000 0 eng
020 _a
_c0
082 0 0 _a291
_bBER2
100 _aBerry, T Sterling
245 _aChristianity and Buddhism
260 _aLondon
_bSociety for Promoting Christian Knowledg
_c1900
300 _a256p
500 _aincludes index and biblioraphy
505 2 _aIndex
650 _aComparative Religion-Chris & Budhis
650 _aComparative Religion
700 1 _aBerry, T Sterling
902 _bSRS
942 _cBK
999 _c1588
_d1588